| 000 | 00805cam a2200265 a 4500 | ||
|---|---|---|---|
| 001 | 4413682 | ||
| 005 | 20231123021706.0 | ||
| 008 | 930205s1993 enka b 001 0 eng | ||
| 020 | _a0415085039 (hbk.) | ||
| 020 | _a0415085047 (pbk.) | ||
| 040 |
_aDLC _cDLC _dDLC _dOCoLC _dDLC |
||
| 082 | 0 | 0 |
_a305.42/0954 _220 _bRAJ. |
| 100 | 2 | _aSunder Rajan, Rajeswari. | |
| 245 | 1 | 0 |
_aReal and imagined women : _bgender, culture, and postcolonialism / _cRajeswari Sunder Rajan. |
| 260 |
_aLondon ; _aNew York : _bRoutledge, _c1993. |
||
| 300 | _ax, 153 p. : | ||
| 500 | _aCover title: Real & imagined women. | ||
| 650 | 0 | _aSex role | |
| 650 | 0 | _aFeminism | |
| 650 | 0 | _aSati. | |
| 650 | 0 | _aWomen | |
| 650 | 0 | _aPostcolonialism | |
| 856 | 4 | 2 | _uhttp://www.loc.gov/catdir/enhancements/fy0648/93006923-d.html |
| 942 | _cL | ||
| 999 |
_c63 _d63 |
||